Central Library OPAC University of Rajshahi

The rise of Muslim power in Gujarat : (Record no. 25865)

MARC details
000 -LEADER
fixed length control field 00850cam a22002651 4500
001 - CONTROL NUMBER
control field 25865
003 - CONTROL NUMBER IDENTIFIER
rucl marc code BD-RjUL
005 - DATE AND TIME OF LATEST TRANSACTION
control field 20211209050935.0
008 - FIXED-LENGTH DATA ELEMENTS--GENERAL INFORMATION
fixed length control field 140319s1963 ii 001 0 eng d
035 ## - SYSTEM CONTROL NUMBER
System control number (BD-RjUL)25935
System control number (OCoLC)307673
040 ## - CATALOGING SOURCE
Original cataloging agency DLC
Transcribing agency OAU
Modifying agency Uk
-- DLC
-- BD-RjUL
Language of cataloging eng
041 ## - LANGUAGE CODE
Language code of text/sound track or separate title eng
082 00 - DEWEY DECIMAL CLASSIFICATION NUMBER
Classification number 954.022
Author mark and year MIR 1963
100 1# - MAIN ENTRY--PERSONAL NAME
Personal name Misra, S. C.
Fuller form of name (Satish Chandra),
Dates associated with a name 1925-
9 (RLIN) 79477
245 14 - TITLE STATEMENT
Title The rise of Muslim power in Gujarat :
Remainder of title a history of Gujarat from 1298 to 1442 /
Statement of responsibility, etc. S. C. Misra.
260 ## - PUBLICATION, DISTRIBUTION, ETC. (IMPRINT)
Place of publication, distribution, etc. New York :
Name of publisher, distributor, etc. Asia Pub. House;
Date of publication, distribution, etc. 1963
300 ## - PHYSICAL DESCRIPTION
Pagination 252 p. :
Illustrations ill. ;
Size 23 cm.
500 ## - GENERAL NOTE
General note At head of title: Dept. of History. The M. S. University of Baroda.
504 ## - BIBLIOGRAPHY, ETC. NOTE
Bibliography, etc Includes Index
651 #0 - SUBJECT ADDED ENTRY--GEOGRAPHIC NAME
Geographic name Gujarat (India)
General subdivision History.
9 (RLIN) 79478
942 ## - ADDED ENTRY ELEMENTS (KOHA)
Source of classification or shelving scheme Dewey Decimal Classification
Koha item type Books
Holdings
Lost status Source of classification or shelving scheme Damaged status Not for loan Collection code Permanent Location Current Location Shelving location Date acquired Source of acquisition Cost, normal purchase price Total Checkouts Full call number Date last seen Copy number Koha item type
  Dewey Decimal Classification     Non-fiction Central Library, University of Rajshahi Central Library, University of Rajshahi   14/05/1965 Q.I . Qurashi 26.10   954.022 MIR 1963 19/03/2014 C-2 Books
  Dewey Decimal Classification     Non-fiction Central Library, University of Rajshahi Central Library, University of Rajshahi   14/05/1965 Q.I . Qurashi 26.10   954.022 MIR 1963 19/03/2014 C-3 Books